000 00193 a2200097 4500
020 _a013429906990
041 _aspa
100 _aJennyfer Moore mallinos
245 _aTengo Dislexia
942 _cK
999 _c30486
_d30484